La aventura del universo: de Aristóteles a la teoría de los cuantos: una historia sin fin

সংরক্ষণ করুন:
গ্রন্থ-পঞ্জীর বিবরন
প্রধান লেখক: Ferris, Thimothy (Author)
বিন্যাস: গ্রন্থ
ভাষা:স্প্যানিশ
প্রকাশিত: Barcelona Crítica 1990
মালা:Serie mayor
বিষয়গুলি:
ট্যাগগুলো: ট্যাগ যুক্ত করুন
কোনো ট্যাগ নেই, প্রথমজন হিসাবে ট্যাগ করুন!

MARC

LEADER 00000nam a2200000 a 4500
001 UCX2896
003 CL-VaPUC
008 910830e19900000SP |||||||||||||||||spa|d
082 0 4 |a 523.1  |b FER  |2 21 
100 0 |a Ferris, Thimothy  |e author  |9 319009 
245 1 3 |a La aventura del universo: de Aristóteles a la teoría de los cuantos: una historia sin fin 
300 |a 416 p 
942 |c BK 
945 |d 19910830 00:00:00 
260 |a Barcelona  |b Crítica  |c 1990 
650 0 |a Cosmología  |9 269138 
650 7 |a OBRAS DE DIVULGACION  |2 CL-VaPUC  |9 267840 
650 7 |a CIENCIA HISTORIA  |2 CL-VaPUC  |9 263304 
583 |a last modification  |c 19910830 00:00:00  |k Rodrigo Vera 
490 0 |a Serie mayor 
999 |c 223813  |d 223811 
952 |0 0  |1 0  |4 0  |6 523_100000000000000_FER_1990  |7 0  |8 A  |9 219979  |a BIBCUR  |b BIBCUR  |d 2019-11-15  |i 2886448  |o 523.1 FER 1990  |p 2886448  |r 2025-04-22  |w 2019-11-15  |y BK  |k BCB